Directors Whose Names Start With D - Statistics

General Stats
  • This quiz has been taken 30 times
  • The average score is 11 of 33
Answer Stats
Film Country Answer % Correct
Pan's Labyrinth Mexico Guillermo del Toro
92%
Scarface USA Brian De Palma
88%
The Silence of the Lambs USA Jonathan Demme
88%
The Shawshank Redemption USA / France Frank Darabont
71%
Bicycle Thieves / Ladri di biciclette Italy Vittorio De Sica
71%
The Ten Commandments USA Cecil B. DeMille
67%
The Umbrellas of Cherbourg / Les Parapluies de Cherbourg France Jacques Demy
63%
Superman USA Richard Donner
63%
Singin' in the Rain USA Stanley Donen
63%
Ordet Denmark Carl Theodor Dreyer
58%
Gremlins USA Joe Dante
54%
Inside Out USA Pete Docter
38%
Mommy Canada Xavier Dolan
38%
Two Days, One Night / Deux jours, une nut Belgium Dardenne brothers
33%
Trouble Every Day France Claire Denis
29%
3:10 to Yuma USA Delmer Daves
29%
2 Days in Paris France Julie Delpy
21%
The Caine Mutiny USA Edward Dmytryk
17%
Rounders USA John Dahl
17%
La Vie en rose / La Môme France Olivier Dahan
17%
The Recruit New Zealand Roger Donaldson
17%
9 Month Stretch / 9 mois ferme France Albert Dupontel
13%
Earth Russia Alexander Dovzhenko
13%
The Judge USA David Dobkin
13%
Day of the outlaw USA / Hungary Andre De Toth
8%
Slack Bay / Ma Loute France Bruno Dumont
8%
Wrong France Quentin Dupieux
8%
Jimmy P: Psychotherapy of a Plains Indian France Arnaud Desplechin
4%
The Page Turner / La tourneuse de pages France Denis Dercourt
4%
The Officers' Ward / La Chambre des officiers France François Dupeyron
4%
La drôlesse France Jacques Doillon
4%
Profils Paysans France Raymond Depardon
4%
Declaration of War / La Guerre est déclarée France Valérie Donzelli
4%
No matching quizzes found
Score Distribution
Percent of People with Each Score
Percentile by Number Answered
Your Score History
You have not taken this quiz